Score 0/21 Timer 10:00
0 Plays Today
Hint Answer % Correct
Along with the Brigadier, one of the Doctor's most iconic companions, had her own spinoff show.Sarah Jane Smith
100%
The Doctor's Murderer (and wife. . .Timey Wimey stuff)River Song
100%
Badwolf who made herself, scattering the words through time and space (also the only being in existence to have her own personal Doctor).Rose Tyler
100%
The best temp in Chiswick and the woman who foiled the Reality Bomb.Donna Noble
100%
The Impossible Girl. Clara Oswald
100%
The Doctor's granddaughterSusan Foreman
96.2%
Traveled with the Seventh Doctor (her real name is Dorothy Gale McShane), beat up a Dalek with baseball bat, DON'T CALL HER SMALL!Ace
96.2%
The Girl Who WaitedAmy Pond
96.2%
_______ ________, (former) Prime Minister (yes, we know who she is).Harriet Jones
96.2%
A true medical doctor who was instrumental in defeating Harold Saxon.Martha Jones
96.2%
Rose's mother (don't let her touch the controls).Jackie Tyler
96.2%
Hint Answer % Correct
Crashed through a train, made her own Sonic with Sheffield steel, likes Custard Creams.Thirteenth Doctor
92.3%
The (First) Doctor's first female companionBarbara Wright
88.5%
She's ________. Well, she wouldn't continue to call herself (the male equivalent of the answer) now would she?Missy
88.5%
The Fourth Doctor's companion, a Time Lady (just give her shorter name)Romanadvoratrelundar
84.6%
Another Time Lady, worked against the Sixth and Seventh Doctors and (unwillingly) with the Master.The Rani
80.8%
The Girl Who Died.Ashildr
76.9%
The Brigadier's daughterKate Lethbridge-Stewart
61.5%
She stopped the Time Lord Victorious at the cost of her own lifeAdelaide Brook
57.7%
Mother Superious of the Papal MainframeTasha Lem
42.3%
High Priestess of the Sisterhood of Karn.Ohila
38.5%
Remove Ads.
Support Sporcle.
Get the best of Sporcle when you Go Orange. This ad-free experience offers more features, more stats, and more fun while also helping to support Sporcle. Thank you for becoming a member.

You're not logged in!

Compare scores with friends on all Sporcle quizzes.
OR
Log In

Show Comments

Extras

Created Dec 14, 2018ReportNominate
Tags:Doctor Who Quiz

Top Quizzes Today


Score Distribution

Your Account Isn't Verified!

In order to create a playlist on Sporcle, you need to verify the email address you used during registration. Go to your Sporcle Settings to finish the process.

Report this User

Report this user for behavior that violates our Community Guidelines.

Details: